LEADER 01146nam a2200253 i 4500 001 000000168334 003 CaOOAMICUS 005 20080108000000.0 008 080108s1958 it u000 u ita u 013 $a145736 040 $aSeMil$bita 245 10$aAlmanacco della famiglia bustocca per l'anno 1958 /$c[presentazione di Luigi Belotti]. 260 $a[Busto Arsizio] :$bLa Famiglia Bustocca,$c1958. 300 $a179, 12 p., [12] p. di tav. :$bill. ;$c21 cm. 500 $aIn testa al front. : Firma del curatore. - Fondo Card. Giovanni Colombo. 650 4$aBusto Arsizio - Folclore e tradizioni locali.$0(OLS)http://semarc/subject/5670 650 4$aBusto Arsizio - Almanacchi.$0(OLS)http://semarc/subject/17889 700 1 $aBelotti, Luigi.$0(OLS)http://semarc/name/43071 850 $aSeMil 852 $aSeMil$W1$xVenegono$y1$m3P I 162$j119419$B119419$CSeMilBibl$Z2$F143312 $81 941 1 $a3 961 $aLascito: Colombo Card. Giovanni 996 $6245$aAlmanacco della famiglia bustocca per l'anno 1958$9(OLS)http://semarc/title/240829 996 $6260$a[Busto Arsizio] :$bLa Famiglia Bustocca$9(OLS)http://semarc/publisher/44010 LEADER 01112nam a2200265 i 4500 001 000000219914 003 CaOOAMICUS 005 20130417000000.0 008 130417s2001 it u000 u ita u 013 $a198811 020 $a88-7065-027-8 040 $aSeMil$bita 100 1 $aMerzagora, Cesare.$0(OLS)http://semarc/name/71627 245 13$aLo strano paese :$bscritti giornalistici, 1944-1986 /$cCesare Merzagora ; a cura di Nicola De Ianni. 260 $aNapoli :$bPrismi,$c2001. 300 $a855 p. ;$c24 cm. 490 0 $aStoria dell'industria e della finanza 700 1 $aDe Ianni, Nicola.$0(OLS)http://semarc/name/12965 830 0$aStoria dell'industria e della finanza.$0(OLS)http://semarc/title/38544 850 $aSeMil 852 $aSeMil$W1$xVenegono$y1$m3M V 218$j170271$B170271$CSeMilBibl$Z2$F182103 $81 961 $aLascito: Presbitero, Silvana 996 $6020$a88-7065-027-8$9(OLS)http://semarc/number/218225 996 $6245$aLo strano paese :$bscritti giornalistici, 1944-1986$9(OLS)http://semarc/title/315479 996 $6260$aNapoli :$bPrismi$9(OLS)http://semarc/publisher/37732